000 00255nam a2200109Ia 4500
008 220204s9999 xx 000 0 und d
082 _a159.91
_bREU
100 _aReuben, D
245 0 _aAny woman can
260 _aNew york
_bDavid Mckay
_c1971
942 _cBK
999 _c32096
_d32096